Najpopularniejsi raperzy w tym tygodniu . 11-17.06 - Statystyki

Ogólne statystyki
  • Ten quiz został rozwiązany 18 razy
  • Średni wynik to 7 z 15
Statystyki odpowiedzi
Miejsce w poprzednim tygodniu Wyświetlenia Raper % Poprawnych
#10 3.02M Mata
89%
#11 2.93M Bedoes
78%
#1 11.60M Sobel
67%
#7 4.23M White 2115
67%
#6 3.68M Paluch
56%
#8 3.35M Żabson
56%
#5 5.72M Kizo
50%
#3 5.99M Oki
44%
#9 3.30M Szpaku
44%
#2 7.06M Young Igi
44%
#4 5.86M Otsochodzi
39%
#16 2.61M Guzior
28%
#13 3.16M Tymek
22%
#15 3.31M Hinol Polska Wersja
11%
#21 2.69M Major
0%
Nie znaleziono quizów pasujących do podanych kryteriów
Rozkład punktacji
Procent ludzi z każdym wynikiem
Percentyl według liczby udzielonych odpowiedzi
Twoja historia wyników
Nie rozwiązałeś tego quizu